000
00315nam a2200133Ia 4500
008
241014s9999||||xx |||||||||||||| ||und||
020
_a
81-7021-1116-X
100
_a
B. Jain's
245
0
_a
Preventive & Social Medicine
260
_b
B. Jain Publication
300
_a
285
650
_a
Medicine
942
_b
SPH
_c
BK
999
_c
19214
_d
19214